| 000 | 01079nam a2200289 a 4500 | ||
|---|---|---|---|
| 001 | BRCA_8330 | ||
| 005 | 20190320210231.0 | ||
| 008 | 300614s1923----gw-a###f##---#001-0#ger-# | ||
| 041 | _ager | ||
| 044 | _agw | ||
| 050 | 4 |
_aNA510 _b.H3 1923 |
|
| 100 | 1 |
_aHaupt, Albrecht _920824 |
|
| 245 | 1 | 0 |
_aBaukunst der Renaissance in Frankreich und Deutschland _cAlbrecht Haupt ; begründet von Fritz Burger ; herausgegeben von A. E. Brinckmann. |
| 260 |
_aAlemania _bAkademische Verlagsgesellschaft Athenaion _c1923 |
||
| 300 |
_a2 v. _bil., 12 láminas _c29 cm. |
||
| 440 | 0 |
_aHandbuch der Kunstwissenschaft _920825 |
|
| 500 | _aIncluye índice de obras e índice de artistas | ||
| 500 | _aR39 | ||
| 505 | 0 | _aV.1 Erster Teil: sechstes bis dreizehntes tausend.-- v.2 Zweiter Teil: Jahrhunderts | |
| 650 | 1 | 4 |
_aArquitectura _xRenacimiento _920826 |
| 650 | 1 | 4 |
_aArquitectura francesa _ySiglos XV y XVI _920827 |
| 650 | 1 | 4 |
_aArquitectura Alemana _ySiglos XV y XVI _920828 |
| 700 | 1 |
_aBurger, Fritz _920829 |
|
| 700 | 1 |
_aBrinckmann, A. E. _eed. _920830 |
|
| 902 | _aGFM | ||
| 942 |
_2lcc _cB |
||
| 999 |
_c7998 _d7998 |
||